|
|
|
|
| LEADER |
00000nam0a2200000 4500 |
| 001 |
58126 |
| 005 |
20231031054747.0 |
| 010 |
|
|
|a 5288024596
|
| 035 |
|
|
|a (RuTPU)RU\TPU\book\61356
|
| 090 |
|
|
|a 58126
|
| 100 |
|
|
|a 20031121d2001 m y0rusy50 ca
|
| 101 |
0 |
|
|a rus
|
| 102 |
|
|
|a RU
|
| 105 |
|
|
|a y j 001zy
|
| 200 |
1 |
|
|a Лекции по теории переноса излучения
|e учебное пособие
|f Д. И. Нагирнер
|
| 210 |
|
|
|a СПб.
|c Изд-во СПбГУ
|d 2001
|
| 215 |
|
|
|a 284 с.
|
| 320 |
|
|
|a Библиогр.: с. 275-283.
|
| 610 |
1 |
|
|a астрономия
|
| 610 |
1 |
|
|a излучение
|
| 610 |
1 |
|
|a перенос
|
| 610 |
1 |
|
|a уравнения
|
| 610 |
1 |
|
|a поле
|
| 610 |
1 |
|
|a лучистая энергия
|
| 610 |
1 |
|
|a баланс
|
| 610 |
1 |
|
|a термодинамическое равновесие
|
| 610 |
1 |
|
|a поглощение
|
| 610 |
1 |
|
|a рассеяние
|
| 610 |
1 |
|
|a интегральные уравнения
|
| 610 |
1 |
|
|a ядерная функция
|
| 610 |
1 |
|
|a резольвент
|
| 610 |
1 |
|
|a бесконечные среды
|
| 610 |
1 |
|
|a полубесконечные среды
|
| 610 |
1 |
|
|a спектральные линии
|
| 610 |
1 |
|
|a поляризованное излучение
|
| 610 |
1 |
|
|a учебные пособия
|
| 675 |
|
|
|a 52-7(075.8)
|v 3
|
| 700 |
|
1 |
|a Нагирнер
|b Д. И.
|g Дмитрий Исидорович
|
| 712 |
0 |
2 |
|a Санкт-Петербургский государственный университет
|2 stltpush
|3 (RuTPU)RU\TPU\col\219
|
| 801 |
|
1 |
|a RU
|b 63413507
|c 20031121
|g PSBO
|
| 801 |
|
2 |
|a RU
|b 63413507
|c 20060614
|g PSBO
|
| 942 |
|
|
|c BK
|